Capitalismo, socialismo de mercado y planificación central (Registro nro. 5239)

Detalles MARC
000 -LEADER
fixed length control field 01317 a2200193 4500
001 - CONTROL NUMBER
control field 53396
005 - DATE AND TIME OF LATEST TRANSACTION
control field 20260407155809.0
008 - FIXED-LENGTH DATA ELEMENTS--GENERAL INFORMATION
fixed length control field 260407a1970 arg spa d
003 - CONTROL NUMBER IDENTIFIER
control field AR-UNSa-BCEJYS
040 ## - CATALOGING SOURCE
Original cataloging agency AR-UNSa-BCEJYS
Language of cataloging spa
Transcribing agency AR-UNSa-BCEJYS
080 ## - UNIVERSAL DECIMAL CLASSIFICATION NUMBER
Universal Decimal Classification number 338.2
Common auxiliary subdivision Política económica. Control de la economía. Gestión de la economía. Planificación económica
100 1# - MAIN ENTRY--PERSONAL NAME
Personal name Leeman, Wayne A.
245 10 - TITLE STATEMENT
Title Capitalismo, socialismo de mercado y planificación central
Name of part/section of a work Estudios de economía comparada
264 #1 - PRODUCTION, PUBLICATION, DISTRIBUTION, MANUFACTURE, AND COPYRIGHT NOTICE
Place of production, publication, distribution, manufacture Barcelona :
Name of producer, publisher, distributor, manufacturer Gustavo Gili
Date of production, publication, distribution, manufacture, or copyright notice 1970
300 ## - PHYSICAL DESCRIPTION
Extent 462 p.
Dimensions 21 cm.
505 ## - FORMATTED CONTENTS NOTE
Formatted contents note 1. Introducción - 2. Asignación de recursos:El capitalismo - 3. Asignación de recursos:Socialismo de mercado - 4. Asignación de recursos:Planificación central - 5. La planificación y el mecanismo del precio- 6. La inversión y la tasa de interés - 7. Distribución de la renta: Capitalismo - 8. Distribución de la renta: Socialismo de mercado y planificación central - 9. Sistemas agrícolas - 10. El dinero y la planificación finnaciera en la economía socialista - 11. La planificación y el comercio internacional - 12. Sistemas alternativos y desarrollo económico - 13. Organización y dirección - 14. La planificación en una economía mixta
590 ## - LOCAL NOTE (RLIN)
Local note niveau_biblio:m niveau_hierar:0
942 ## - ADDED ENTRY ELEMENTS (KOHA)
Koha item type
Existencias
Withdrawn status Lost status Damaged status Not for loan Home library Current library Shelving location Date acquired Total checkouts Full call number Barcode Date last seen Price effective from Koha item type
        Biblioteca Prof. Eusebio Cleto del Rey Biblioteca Prof. Eusebio Cleto del Rey   07/04/2026   338.2 L477 L23445 07/04/2026 07/04/2026 Libro